Els Governs locals i els reptes de la Unió Europea
Publicado:
[Barcelona] :
[Diputació de Barcelona. Àrea de Presidència. Direcció de Relacions Internacionals] ,
2011
Descripción Física:
1 videodisc (DVD) (31: 53 min) : col. (NTSC)
Descripción:
Video de la conferència del Sr. António Vitorino en el marc de les XVII Jornades de la Unió Europea, celebrades a l'Auditori Pati Maning (Barcelona) al 28 de novembre de 2011
Otros Autores:
Vitorino, António
MARC
| LEADER | 00000ngm a2200000Ia 4500 | ||
|---|---|---|---|
| 001 | 24208 | ||
| 007 | co aa aaaaa | ||
| 008 | 160829s9999 xx 000 0 cat d | ||
| 080 | |a CD-1-229 | ||
| 245 | 0 | 4 | |a Els Governs locals i els reptes de la Unió Europea |h [recurs electrònic] |
| 260 | |a [Barcelona] : |b [Diputació de Barcelona. Àrea de Presidència. Direcció de Relacions Internacionals], |c [2011] | ||
| 300 | |a 1 videodisc (DVD) (31: |b 53 min) : |b col. (NTSC) | ||
| 500 | |a Títol facilitat pel catalogador | ||
| 520 | |a Video de la conferència del Sr. António Vitorino en el marc de les XVII Jornades de la Unió Europea, celebrades a l'Auditori Pati Maning (Barcelona) al 28 de novembre de 2011 | ||
| 650 | 0 | |a Administració local |x Dret i legislació |z Unió Europea, Països de la |9 49205 | |
| 655 | 0 | |9 54986 |a DVD | |
| 700 | |a Vitorino, António |9 49206 | ||
| 710 | 1 | |a Barcelona (Catalunya : Província). |b Diputació |9 52408 | |
| 901 | |a Arxiu | ||
| 942 | |n 1 |2 udc | ||
| 952 | |0 0 |1 0 |4 0 |6 CD1229 |7 1 |9 55170 |a Arxiu |b Arxiu |d 2016-12-01 |l 0 |o CD-1-229 |p 24208 |r 2016-12-01 00:00:00 |w 2016-12-01 |y ARXIU | ||
| 999 | |c 59042 |d 59042 | ||